Catálogo Biblioteca Central

National Perspectives on Europe’s De-risking from China (Registro nro. 232303)

Detalles MARC
000 -CABECERA
Campo de control de longitud fija 02532nam a22002417a 4500
008 - CAMPO FIJO DE DESCRIPCIÓN FIJA--INFORMACIÓN GENERAL
Campo de control de longitud fija 260217s2024 sp ||||| |||| 00| 0 eng d
040 ## - FUENTE DE LA CATALOGACIÓN
Centro transcriptor ES-MaBCM
245 00 - MENCIÓN DE TÍTULO
Título National Perspectives on Europe’s De-risking from China
Mención de responsabilidad, etc. Patrik Andersson Frida Lindberg, (lead editors)
Medio físico [Recurso electrónico]
260 ## - PUBLICACIÓN, DISTRIBUCIÓN, ETC (PIE DE IMPRENTA)
Lugar de publicación, distribución, etc. Madrid
Nombre del editor, distribuidor, etc. : Real Instituto Elcano
Fecha de publicación, distribución, etc. , 2024
500 ## - NOTA GENERAL
Nota general En la cubierta: "A Report by the European Think-tank Network on China (ETNC). June 2024"<br/>
520 ## - RESUMEN, ETC.
Nota de sumario, etc. In recent years, the risks associated with growing dependencies on China and how to reduce them have been a recurring topic of debate on Europe’s relations with China. The United States and its partners have pushed to reduce reliance on China in various fields, citing national security concerns, among other things. The debate on the role of Chinese suppliers, notably Huawei and ZTE, in the build out of Europe’s 5G telecommunications networks in 2019 was perhaps the first clear sign of unease over China’s increasing presence in critical infrastructure, where Chinese companies had for some years been acquiring significant stakes in major European assets from ports to electricity grids. The Covid-19 pandemic brought to light supply chain vulnerabilities and dependencies, especially with regard to China, where European countries had become heavily reliant on China for supplies of items such as masks and respirators. When Russia’s full-scale invasion of Ukraine exposed the costs of overreliance on Russia for gas supplies, the EU became increasingly concerned about the risks of economic dependence on other potential geopolitical rivals, such as China. The de-risking concept is now couched in a broader, nominally country-agnostic discussion on economic security, on which the European Commission drafted a strategy in June 2023. By strengthening the EU’s economic foundation and competitiveness, mitigating risks, and collaborating with as many nations as possible to address common issues and goals, the strategy sets out a common framework for achieving economic security.
650 #7 - PUNTO DE ACCESO ADICIONAL DE MATERIA--TÉRMINO DE MATERIA
Término de materia o nombre geográfico como elemento inicial Relaciones de la Unión Europea
650 #7 - PUNTO DE ACCESO ADICIONAL DE MATERIA--TÉRMINO DE MATERIA
Término de materia o nombre geográfico como elemento inicial Política internacional
650 #0 - PUNTO DE ACCESO ADICIONAL DE MATERIA--TÉRMINO DE MATERIA
Término de materia o nombre geográfico como elemento inicial Geopolítica
651 #4 - PUNTO DE ACCESO ADICIONAL DE MATERIA--NOMBRE GEOGRÁFICO
Nombre geográfico Países de la Unión Europea
9 (RLIN) 115358
651 #4 - PUNTO DE ACCESO ADICIONAL DE MATERIA--NOMBRE GEOGRÁFICO
Nombre geográfico China
9 (RLIN) 115350
655 #4 - TÉRMINO DE INDIZACIÓN--GÉNERO/FORMA
Datos o término principal de género/forma Informe
9 (RLIN) 115344
856 ## - ACCESO ELECTRÓNICO
Identificador uniforme del recurso URI https://mpr.koha.es/cgi-bin/koha/opac-retrieve-file.pl?id=177c508e53bb2b9d6c65c00f802fce41
Texto del enlace DESCARGAR DOCUMENTO
942 ## - ELEMENTOS KOHA
Koha tipo de item Recurso electrónico para descargar
Existencias
Suprimido Perdido Fuente de clasificación o esquema de ordenación en estanterías Estropeado No se presta Localización (Biblioteca) Sublocalización o Colección (subbiblioteca) Localización en estanterías Fecha de adquisición Fuente de adquisición Koha préstamos (veces que ha sido prestado) Koha signatura completa Koha Fecha de último uso Precio efectivo desde Koha tipo de item
    Universal Decimal Classification     Biblioteca Central del Ministerio de la Presidencia Biblioteca Central del Ministerio de la Presidencia Recurso electrónico 17/02/2026 Donativo   En línea 17/02/2026 17/02/2026 Recurso electrónico para descargar